Another 20 Anti-Jokes Quiz Stats

 Plays Quiz Updated Sep 26, 2016

Score 0/20 Timer 05:00
0 Plays Today
% Correct
Because it wouldn't be financially viable to try and sell pharmaceuticals in the vastly unpopulated rain forest.
94%
History.
93.3%
Even if we assume a woodchuck could chuck wood, they may not actually do so unless it somehow aids their survival.
93.1%
The owl kills and eats the squirrel, as it is a bird of prey.
93%
Vampires aren't real.
92.9%
Dolphins. I lied about the wheels. And it being green. I lied about the whole thing.
92.9%
Your cardiovascular system.
92%
Because it was dead.
92%
Animal control is promptly called and the seal is safely returned to the sea.
91.9%
A horrible boating accident.
91.2%
% Correct
One.
90.3%
Neither of them are a police officer.
90%
One of them is I count them instead of solving them.
89.7%
You weren't supposed to answer.
89.2%
Repeated absences and stealing.
89.1%
Come in!
88.1%
Shoot, I meant glasses.
86.7%
Probably one. Changing a lightbulb is a fairly simple task, and an introvert would likely prefer to do it alone anyway.
85%
Whatever his name happens to be.
83.4%
His wife ducks.
82.3%

You're not logged in!

Compare scores with friends on all Sporcle quizzes.
OR
Log In

Show Comments

Extras

Top Quizzes Today


Score Distribution

Your Account Isn't Verified!

In order to create a playlist on Sporcle, you need to verify the email address you used during registration. Go to your Sporcle Settings to finish the process.

Report this User

Report this user for behavior that violates our Community Guidelines.

Details: